000 00589nam a2200193 a 4500
005 20220603063601.0
008 991125s1995 mx 000 0 spa u
020 _a968164719X
035 _aUPN01000053640
049 _aI
050 4 _aPZ74
_bF778
100 1 _aFrench, Vivian
245 1 3 _aLa silla fantástica de Tili Maguili /
_cVivian French ; tr. María Teresa Solana.
260 _aMéxico :
_bFCE,
_c1995.
300 _a30 p. :
_bil.
440 0 _aA la orilla del viento.
_pPara los que están aprendiendo a leer ;
_v73
650 4 _aCuentos infantiles
_96744
905 _aInfantil
999 _c53640
_d53640